A manager's primer on performance appraisal concepts [and] techniques

Bibliographic Details
Main Author: Putti, Joseph M. (Author)
Format: Book
Published: Singapore Singapore Institute of Management Maruzen Asia 1984
Subjects:

MARC

LEADER 00000cam a2200000 7i4500
001 0000005162
008 021118s1984
020 |a 9971954192 
090 0 0 |a HF5549.5.R3  |b P8 
100 0 |a Putti, Joseph M.  |e author 
245 1 2 |a A manager's primer on performance appraisal  |b concepts [and] techniques  |c Joseph M. Putti 
260 2 |a Singapore  |b Singapore Institute of Management  |b Maruzen Asia  |c 1984 
300 |a 89 p .  |c 21 cm 
650 0 |a Employees  |x Rating of 
999 |a 1000011278  |b Book  |c OPEN SHELF (30 DAYS)  |e Gong Badak Campus